01284 2200253 4500001002100000005001500021035002000036007000300056008004100059020002200100082000800122084001400130100003400144245019500178250003700373260006000410300002900470500043000499650003700929700001800966700002400984700001601008990000601024INLIS00000000000024920220316073133 a0010-0322000047ta220316 c 0 ind  a978-602-427-038-4 a600 a600 DEW b0 aDewi Sri Handayani Nuswantari1 aBuku Guru Prakarya :bBuku Guru SMP/MTs Kelas IX /cPenelaah : Caecilia Tridjata Suprabanindya, Djoko Adi Widodo, Ana, Latif Sahubawa, Wahyu Prihatini, Rozmita Dewi Yuniarti, dan Suci Rahayu aKurikulum 2013 Edisi Revisi 2018 aJakarta :bKementerian Pendidikan dan Kebudayaan,c2018 a290 hlm :bilus ;c25 cm aBuku ini merupakan buku guru yang dipersiapkan Pemerintah dalam rangka implementasi Kurikulum 2013. Buku guru ini disusun dan ditelaah oleh berbagai pihak di bawah koordinasi Kementerian Pendidikan dan Kebudayaan, dan dipergunakan dalam tahap awal penerapan Kurikulum 2013. Buku ini merupakan “dokumen hidup” yang senantiasa diperbaiki, diperbaharui, dan dimutakhirkan sesuai dengan dinamika kebutuhan dan perubahan zaman 4aPrakarya -- Studi dan Pengajaran0 aSukri Faroki,0 aYenti Rokhmulyenti,0 aSri Sarmini a8